00376nam a2200157Ia 45000010006000000050017000060080041000230410008000640820022000721000026000942450039001202600009001593000034001686500008002026540008002101826020260306171617.0260306s9999||||xx |||||||||||||| ||und|| aESP a658.402bD15 2015 aDaft, Richard L.eAUT 0aTeoría y diseño organizacional c2015 axvii, 669 páginas :c27 cm. aGEN aCAN